书目信息 |
| 题名: |
建筑结构CAD教程
|
|
| 作者: | 崔钦淑 , 聂洪达 主编 | |
| 分册: | ||
| 出版信息: | 北京 北京大学出版社 2014.08 |
|
| 页数: | 352页 | |
| 开本: | 26cm | |
| 丛书名: | 21世纪全国应用型本科土木建筑系列实用规划教材 | |
| 单 册: | ||
| 中图分类: | TU311.41 | |
| 科图分类: | ||
| 主题词: | 建筑结构--jian zhu jie gou--计算机辅助设计--高等学校--教材 | |
| 电子资源: | ||
| ISBN: | 978-7-301-23904-9 | |
| 000 | 01216nam 2200277 450 | |
| 001 | CAL 0120141379733 | |
| 005 | 20201104094702.57 | |
| 010 | @a978-7-301-23904-9@dCNY45.00 | |
| 100 | @a20150624d2014 em y0chiy50 ea | |
| 101 | 0 | @achi |
| 102 | @aCN@b110000 | |
| 105 | @aak a 000yy | |
| 200 | 1 | @a建筑结构CAD教程@Ajian zhu jie gou CAD jiao cheng@f主编崔钦淑, 聂洪达 |
| 205 | @a第2版 | |
| 210 | @a北京@c北京大学出版社@d2014.08 | |
| 215 | @a352页@c图@d26cm | |
| 225 | 2 | @a21世纪全国应用型本科土木建筑系列实用规划教材@A21 shi ji quan guo ying yong xing ben ke tu mu jian zhu xi lie shi yong gui hua jiao cai |
| 320 | @a有书目 | |
| 330 | @a本书主要内容包括PKPM建筑结构CAD概述、PMCAD结构平面设计软件应用、PK平面结构计算与施工图绘制软件、SATWE多、高层建筑结构空间有限元分析与设计软件、TAT多层及高层建筑结构三维分析与设计软件、绘制混凝土结构梁柱施工图、LTCAD普通楼梯设计软件、JCCAD基础设计软件。 | |
| 410 | 0 | @12001 @a21世纪全国应用型本科土木建筑系列实用规划教材 |
| 606 | 0 | @a建筑结构@Ajian zhu jie gou@x计算机辅助设计@x高等学校@j教材 |
| 690 | @aTU311.41@v5 | |
| 701 | 0 | @a崔钦淑@Acui qin shu@4主编 |
| 701 | 0 | @a聂洪达@Anie hong da@4主编 |
| 801 | 0 | @aCN@c20150624 |
| 905 | @a241430@dTU311.41@eC973=2@f3 | |
| 建筑结构CAD教程/主编崔钦淑, 聂洪达.-第2版.-北京:北京大学出版社,2014.08 |
| 352页:图;26cm.-(21世纪全国应用型本科土木建筑系列实用规划教材) |
| ISBN 978-7-301-23904-9:CNY45.00 |
| 本书主要内容包括PKPM建筑结构CAD概述、PMCAD结构平面设计软件应用、PK平面结构计算与施工图绘制软件、SATWE多、高层建筑结构空间有限元分析与设计软件、TAT多层及高层建筑结构三维分析与设计软件、绘制混凝土结构梁柱施工图、LTCAD普通楼梯设计软件、JCCAD基础设计软件。 |
| ● |
| 相关链接 |
|
|
|
正题名:建筑结构CAD教程
索取号:TU311.41/C973=2
 
预约/预借
| 序号 | 登录号 | 条形码 | 馆藏地/架位号 | 状态 | 备注 |
| 1 | 1146661 | 211466616 | 建筑库101/101建筑库 79排1列2层/ [索取号:TU311.41/C973=2] | 在馆 | |
| 2 | 1146662 | 211466625 | 建筑库101/ [索取号:TU311.41/C973=2] | 在馆 | |
| 3 | 1146663 | 211466634 | 建筑库101/101建筑库 79排1列2层/ [索取号:TU311.41/C973=2] | 在馆 | |
| 4 | 1501761 | 215017611 | 建筑库101/101建筑库 79排1列2层/ [索取号:TU311.41/C973=2] | 在馆 |